书目信息 |
| 题名: |
电工电子技术实验实训指导
|
|
| 作者: | 熊海涛 , 刘晓静 , 张敏 主编 | |
| 分册: | ||
| 出版信息: | 武汉 华中科技大学出版社 2007.08 |
|
| 页数: | 117页 | |
| 开本: | 26cm | |
| 丛书名: | 高等院校技术基础课系列教材 | |
| 单 册: | ||
| 中图分类: | TM-43 | |
| 科图分类: | ||
| 主题词: | 电工技术--dian gong ji shu--高等教育--教材 , 电子技术--dian zi ji shu--高等教育--教材 | |
| 电子资源: | ||
| ISBN: | 978-7-5609-4132-5 | |
| 000 | 01256nam 2200301 450 | |
| 001 | 012008322855 | |
| 005 | 20080603082611.95 | |
| 010 | @a978-7-5609-4132-5@dCNY14.00 | |
| 100 | @a20080603d2007 em y0chiy0120 ea | |
| 101 | 0 | @achi |
| 102 | @aCN@b420000 | |
| 105 | @aa a 000yy | |
| 106 | @ar | |
| 200 | 1 | @a电工电子技术实验实训指导@Adian gong dian zi ji shu shi yan shi xun zhi dao@f熊海涛, 刘晓静, 张敏主编@Fxiong hai tao,liu xiao jing,zhang min zhu bian |
| 210 | @a武汉@c华中科技大学出版社@d2007.08 | |
| 215 | @a117页@c图@d26cm | |
| 225 | 2 | @a高等院校技术基础课系列教材@Agao deng yuan xiao ji shu ji chu ke xi lie jiao cai |
| 320 | @a有书目 | |
| 330 | @a本书较系统地介绍了电工电子技术课程的实验与实训,内容包括:测量的基础知识、常用仪器仪表及其使用、常用元器件简介、验证性实验、应用及设计性实验、综合性实验、常见控制电路(如报警电路等)和小型器件制作实训等内容。 | |
| 410 | 0 | @12001 @a高等院校技术基础课系列教材 |
| 606 | 0 | @a电工技术@Adian gong ji shu@x高等教育@j教材 |
| 606 | 0 | @a电子技术@Adian zi ji shu@x高等教育@j教材 |
| 690 | @aTM-43@v4 | |
| 701 | 0 | @a熊海涛@Axiong hai tao@4主编 |
| 701 | 0 | @a刘晓静@Aliu xiao jing@4主编 |
| 701 | 0 | @a张敏@Azhang min@4主编 |
| 801 | 0 | @aCN@bQSSK@c20080603 |
| 905 | @b721451-53@dTM-43@eX639@f3 | |
| 电工电子技术实验实训指导/熊海涛, 刘晓静, 张敏主编.-武汉:华中科技大学出版社,2007.08 |
| 117页:图;26cm.-(高等院校技术基础课系列教材) |
| ISBN 978-7-5609-4132-5:CNY14.00 |
| 本书较系统地介绍了电工电子技术课程的实验与实训,内容包括:测量的基础知识、常用仪器仪表及其使用、常用元器件简介、验证性实验、应用及设计性实验、综合性实验、常见控制电路(如报警电路等)和小型器件制作实训等内容。 |
| ● |
| 相关链接 |
|
|
|
正题名:电工电子技术实验实训指导
索取号:TM-43/X639
 
预约/预借
| 序号 | 登录号 | 条形码 | 馆藏地/架位号 | 状态 | 备注 |
| 1 | 721451 | 207214511 | 自科库301/301自科库 3排2列2层/ [索取号:TM-43/X639] | 在馆 | |
| 2 | 721452 | 207214520 | 自科库301/301自科库 3排2列2层/ [索取号:TM-43/X639] | 在馆 | |
| 3 | 721453 | 207214539 | 自科库301/301自科库 2排2列2层/ [索取号:TM-43/X639] | 在馆 |